Pays du monde: faits insolites #3 - Statistiques

Statistiques générales
  • Ce quiz a été pris 40 fois
  • Le résultat moyen est 5 sur 10
Statistiques - réponses
Question Réponse % Correct
Ce pays est le plus petit du monde Vatican
97%
Ce pays a le plus grand nombre de touristes au monde France
81%
Ce pays a le plus de volcans en Europe Islande
78%
Ce pays a une capitale qui n’est pas sur le continent principal Danemark
57%
Ce pays a la plus grande île du monde Danemark
51%
Ce pays est le plus grand sans accès à la mer Kazakhstan
51%
Ce pays a le plus de gratte-ciel Chine
43%
Ce pays a plus de pyramides que l’Égypte Soudan
32%
Ce pays a le plus grand nombre de langues officielles Bolivie
8%
Ce pays a la plus grande réserve d’eau douce Brésil
0%
Aucun quiz correspondant
Distribution des résultats
% des personnes avec chaque résultat
Percentile par nombre de réponses
Votre historique - résultats
Vous n’avez pas pris ce quiz